000 01532nam a2200457 i 4500
001 1741
003 KOSZ 005
005 20190902102832.0
008 131002s1981 pl a |000 0 pol
015 _aPB 2013/31820
020 _a8321330150
035 _a(OCoLC)749652491
040 _aWA N
_cWA N
_dKOSZ 005/HR
046 _k1981
080 _a628.1/.3
245 0 0 _aWodociągi i kanalizacja /
_c[red. nauk. Andrzej Machalski].
260 _aWarszawa :
_bWydawnictwo Arkady,
_c1981.
300 _a227, [1] s. :
_bil. ;
_c24 cm.
336 _2rdacontent
_aTekst
_btxt
337 _2rdamedia
_aBez urządzenia pośredniczącego
_bn
338 _2rdacarrier
_aWolumin
_bnc
380 _aKsiążki
380 _aPublia\kacje naukowe
388 _a1901-2000
388 _a1945-1989
490 1 _aNowa Technika w Inżynierii Sanitarnej ;
_v13.
504 _aBibliogr. przy pracach.
536 _aWspółfinansowanie: Ministerstwo Budownictwa i Przemysłu Materiałów Budowlanych.
658 _aInżynieria i technika
650 4 _aTechnologia
650 4 _aŚcieki
650 4 _aOczyszczanie ścieków
650 4 _aWoda
650 4 _aKanalizacja
650 4 _aWodociąg
710 2 _aWydawnictwo "Arkady".
_4pbl.
700 1 _aMachalski, Andrzej
_eRedakcja
830 0 _aNowa Technika w Inżynierii Sanitarnej ;
_v13.
856 _uhttp://koha.tu.koszalin.pl/cgi-bin/koha/opac-detail.pl?biblionumber=1741
_yKatalog online BPK
942 _2UKD
_cKS
999 _c1741
_d1741